Teahing guide for senior high school business finance : (Record no. 354950)
[ view plain ]
| 000 -LEADER | |
|---|---|
| fixed length control field | 00344nam a2200097Ia 4500 |
| 008 - FIXED-LENGTH DATA ELEMENTS--GENERAL INFORMATION | |
| fixed length control field | 180205s9999 xx 000 0 und d |
| 100 ## - MAIN ENTRY--PERSONAL NAME | |
| Personal name | Cayanan, Arthur S. |
| 245 ## - TITLE STATEMENT | |
| Title | Teahing guide for senior high school business finance : |
| Remainder of title | specialized subject/ academic-stem |
| 260 ## - PUBLICATION, DISTRIBUTION, ETC. (IMPRINT) | |
| Place of publication, distribution, etc | Quezon City |
| Name of publisher, distributor, etc | Commision on higher education |
| Date of publication, distribution, etc | 2016 |
| 300 ## - PHYSICAL DESCRIPTION | |
| Extent | 325 pages |
| Withdrawn status | Lost status | Damaged status | Home library | Current library | Shelving location | Date acquired | Source of acquisition | Total Checkouts | Full call number | Barcode | Date last seen | Price effective from | Koha item type |
|---|---|---|---|---|---|---|---|---|---|---|---|---|---|
| College Library | College Library | Filipiniana Section | 02/05/2018 | Library Fund | HG 4026 .C385 2016 | c21177 | 05/08/2018 | 02/05/2018 | Books |